000
00264nam a2200097Ia 4500
008
230915s9999 xx 000 0 und d
050
_a
HB 172. M53 2012
100
_a
MCCONNELL, CAMPBELL R.
245
0
_a
MICROECONOMICS:PRINCIPLES,PROBLEMS AND POLICIES
942
_c
BK
999
_c
73889
_d
73889